书目信息 |
| 题名: |
晋书故事选
|
|
| 作者: | 于翠玲 编著 | |
| 分册: | ||
| 出版信息: | 北京 学苑出版社 1998 |
|
| 页数: | 286页 | |
| 开本: | 18cm | |
| 丛书名: | 二十五史故事丛编 | |
| 单 册: | ||
| 中图分类: | K209 , I242 | |
| 科图分类: | ||
| 主题词: | 历史故事--中国--现代--选集 , 历史故事 , 小说--中国 | |
| 电子资源: | ||
| ISBN: | 7-5077-0051-8 | |
| 000 | 00785oam2 2200301 450 | |
| 001 | 1568288966 | |
| 005 | 20170926170611.00 | |
| 010 | @a7-5077-0051-8@dCNY9.50 | |
| 100 | @a19990624d1998 demy0chiy0110 ea | |
| 101 | 0 | @achi |
| 102 | @aCN@b110000 | |
| 105 | @ay z 000yd | |
| 200 | 1 | @a晋书故事选@9jin shu gu shi xuan@f于翠玲编著 |
| 205 | @a2版 | |
| 210 | @a北京@c学苑出版社@d1998 | |
| 215 | @a286页@d18cm | |
| 225 | 2 | @a二十五史故事丛编 |
| 461 | 0 | @12001 @a二十五史故事丛编 |
| 605 | @a晋书@x通俗读物 | |
| 605 | @2CT@3S905411@a晋书 | |
| 606 | 0 | @a历史故事@y中国@z现代@x选集 |
| 606 | 0 | @a历史故事 |
| 606 | 0 | @a小说@x中国 |
| 690 | @aK209@v5 | |
| 690 | @aI242@v4 | |
| 701 | 0 | @a于翠玲@9yu cui ling@4编著 |
| 801 | 0 | @aCN@bTSSF@c20150124 |
| 905 | @aZUCC@dI242@eJY2 | |
| 晋书故事选/于翠玲编著.-2版.-北京:学苑出版社,1998 |
| 286页;18cm.-(二十五史故事丛编) |
| ISBN 7-5077-0051-8:CNY9.50 |
| ● |
| 相关链接 |
|
|
|
|
正题名:晋书故事选
索取号:I242/JY2
 
预约/预借
| 序号 | 登录号 | 条形码 | 馆藏地/架位号 | 状态 | 备注 |
| 1 | 7843106 | 278431065 | 学院路分馆/ [索取号:I242/JY2] | 在馆 | |
| 2 | 7843107 | 278431074 | 学院路分馆/ [索取号:I242/JY2] | 在馆 |